00464pab a2200169 454500008004000000100001600040245007500056260000900131300001300140362001200153650003100165650002200196650002000218650002000238650002300258773001300281180718b2014 xxu||||| |||| 00| 0 eng d aAmuthan, S. aAgrarian crisis and farmers suicide - its impact on migration in India c2014 ap.32-40. aOct-Dec aAgrarian structure - India aMigration - India aSuicide - India aFarmers - India aAgrarian structure aNagarlok